[Event "Belgrade Serbia op"]
[Site "Belgrade"]
[Date "2024.07.21"]
[Round "9"]
[White "Pranav, KP."]
[Black "Vujovic, Vera"]
[Result "0-1"]
[WhiteElo "2243"]
[BlackElo "2135"]
[PlyCount "106"]
[EventDate "2024.07.12"]
[EventType "swiss"]
[EventRounds "9"]
[EventCountry "SRB"]
[SourceTitle "CBM 221 Extra"]
[Source "ChessBase"]
[SourceDate "2024.09.30"]
[SourceVersion "1"]
[SourceVersionDate "2024.09.30"]
[SourceQuality "1"]

1. d4 d5 2. c4 dxc4 3. Nf3 Nf6 4. e3 e6 5. Bxc4 c5 6. 0-0 a6 7. b3 b5 8. Be2 Bb7 9. Bb2 Nbd7 10. Nbd2 Be7 11. a4 b4 12. Rc1 Rc8 13. Nc4 0-0 14. Nfe5 Nxe5 15. Nxe5 Nd5 16. Bf3 Re8 17. Be4 f5 18. Bf3 Bf8 19. e4 Ne7 20. exf5 Bxf3 21. Qxf3 Nxf5 22. dxc5 Bxc5 23. Rfd1 Qg5 24. Rc4 Rf8 25. Rg4 Qh6 26. Nd7 Ne3 27. Nxf8 Nxg4 28. Qxg4 Rxf8 29. Bd4 Rf4 30. Bxg7 Bxf2+ 31. Kh1 Qxh2+ 32. Kxh2 Rxg4 33. Bf6 Rg6 34. Rd8+ Kf7 35. Rd7+ Kxf6 36. Rxh7 Kg5 37. Kh3 Rh6+ 38. Rxh6 Kxh6 39. Kg4 e5 40. Kf5 Bd4 41. g4 Kg7 42. g5 a5 43. g6 Bc3 44. Kg5 Bb2 45. Kf5 Bd4 46. Kg5 e4 47. Kf4 e3 48. Kf3 Kxg6 49. Ke2 Kf5 50. Kd3 Ke5 51. Ke2 Ke4 52. Ke1 Kd3 53. Kd1 Bb2 0-1

[Event "Belgrade Serbia op"]
[Site "Belgrade"]
[Date "2024.07.20"]
[Round "8"]
[White "Ernst, Robert"]
[Black "Pranav, KP."]
[Result "1-0"]
[WhiteElo "2292"]
[BlackElo "2243"]
[PlyCount "73"]
[EventDate "2024.07.12"]
[EventType "swiss"]
[EventRounds "9"]
[EventCountry "SRB"]
[SourceTitle "CBM 221 Extra"]
[Source "ChessBase"]
[SourceDate "2024.09.30"]
[SourceVersion "1"]
[SourceVersionDate "2024.09.30"]
[SourceQuality "1"]

1. d4 Nf6 2. c4 e6 3. Nc3 Bb4 4. e3 0-0 5. Bd3 d5 6. cxd5 exd5 7. a3 Bd6 8. Qc2 a6 9. Nge2 b6 10. e4 dxe4 11. Nxe4 h6 12. Nxd6 cxd6 13. 0-0 Bb7 14. Ng3 Nc6 15. Nf5 Ne7 16. Bf4 Rc8 17. Qd2 Nxf5 18. Bxf5 Rc6 19. Rfe1 d5 20. f3 Ne8 21. b3 Nd6 22. Bd3 Qd7 23. Re5 Re8 24. Rxd5 Qe6 25. Re5 Qd7 26. Rae1 Rcc8 27. Qe3 Rxe5 28. dxe5 Nf5 29. e6 fxe6 30. Qxe6+ Qxe6 31. Rxe6 Nd4 32. Rxb6 Bd5 33. Rd6 Rc3 34. Bg6 Kf8 35. Rxd5 Ne2+ 36. Kf2 Nxf4 37. Rf5+ 1-0

[Event "Belgrade Serbia op"]
[Site "Belgrade"]
[Date "2024.07.18"]
[Round "6"]
[White "Eric, Jovana"]
[Black "Pranav, KP."]
[Result "0-1"]
[WhiteElo "2181"]
[BlackElo "2243"]
[PlyCount "90"]
[EventDate "2024.07.12"]
[EventType "swiss"]
[EventRounds "9"]
[EventCountry "SRB"]
[SourceTitle "CBM 221 Extra"]
[Source "ChessBase"]
[SourceDate "2024.09.30"]
[SourceVersion "1"]
[SourceVersionDate "2024.09.30"]
[SourceQuality "1"]

1. e4 e5 2. Nf3 Nc6 3. Bc4 Bc5 4. c3 Nf6 5. d3 d6 6. 0-0 h6 7. a4 a6 8. Re1 0-0 9. h3 Re8 10. Nbd2 Be6 11. Bxe6 fxe6 12. Nf1 Qe7 13. Ng3 Qf7 14. d4 exd4 15. cxd4 Bb6 16. Be3 Rad8 17. b4 Nxb4 18. a5 Ba7 19. Qb3 c5 20. Rec1 Nc6 21. dxc5 d5 22. exd5 Rxd5 23. Qa4 Qe7 24. Nd4 Rc8 25. Nb3 Ne5 26. Ne4 Nd3 27. Rc2 Bb8 28. Rd2 Be5 29. Rb1 Rcd8 30. Nxf6+ Bxf6 31. Qg4 Kh8 32. Qe2 e5 33. Rc2 Qc7 34. Rc4 Qc8 35. Qf3 Qe6 36. Re4 Qf7 37. Kh2 R8d7 38. Rg4 Nf4 39. Bxf4 exf4 40. Kg1 Rd3 41. Qe2 Rd8 42. Nc1 Rd2 43. Qe4 Re8 44. Qf5 Re5 45. Qc8+ Rd8 0-1

[Event "Vojvodina op 14th"]
[Site "Novi Sad"]
[Date "2024.06.28"]
[Round "6"]
[White "Drazic, Sinisa"]
[Black "Pranav, KP."]
[Result "1-0"]
[WhiteElo "2263"]
[BlackElo "2223"]
[PlyCount "63"]
[EventDate "2024.06.24"]
[EventType "swiss"]
[EventRounds "9"]
[EventCountry "SRB"]
[SourceTitle "CBM 220 Extra"]
[Source "ChessBase"]
[SourceDate "2024.07.31"]
[SourceVersion "1"]
[SourceVersionDate "2024.07.31"]
[SourceQuality "1"]

1. Nf3 Nf6 2. g3 g6 3. Bg2 Bg7 4. d4 0-0 5. 0-0 d5 6. c4 c6 7. Qb3 b6 8. Nc3 Bb7 9. Bf4 Nh5 10. Be5 f6 11. Bxb8 Rxb8 12. cxd5 cxd5 13. e4 Ba6 14. Rfe1 Bc4 15. Qa4 a5 16. exd5 b5 17. Qc2 Rc8 18. Qd2 b4 19. Nd1 f5 20. Ne3 Bxd5 21. Nxd5 Qxd5 22. Rxe7 Rfd8 23. b3 Bxd4 24. Nxd4 Qd6 25. Qe3 Nf6 26. Re6 Qxd4 27. Qxd4 Rxd4 28. Rxf6 Rd2 29. Rc6 Re8 30. Bf1 Ra8 31. Rc7 Kf8 32. Rxh7 1-0

[Event "Vojvodina op 14th"]
[Site "Novi Sad"]
[Date "2024.06.24"]
[Round "1"]
[White "Pranav, KP."]
[Black "Bryakin, Mikhail"]
[Result "0-1"]
[WhiteElo "2223"]
[BlackElo "2470"]
[PlyCount "120"]
[EventDate "2024.06.24"]
[EventType "swiss"]
[EventRounds "9"]
[EventCountry "SRB"]
[SourceTitle "CBM 220 Extra"]
[Source "ChessBase"]
[SourceDate "2024.07.31"]
[SourceVersion "1"]
[SourceVersionDate "2024.07.31"]
[SourceQuality "1"]

1. d4 e6 2. c4 b6 3. Nc3 Bb7 4. e3 Nf6 5. Nf3 d5 6. Bd3 dxc4 7. Bxc4 c5 8. 0-0 cxd4 9. Nxd4 Bc5 10. Nb3 Be7 11. Qe2 a6 12. a4 Nc6 13. f4 0-0 14. e4 Nd4 15. Nxd4 Qxd4+ 16. Be3 Qxe3+ 17. Qxe3 Bc5 18. Qxc5 bxc5 19. e5 Ng4 20. Rfe1 Rfd8 21. h3 Rd4 22. Bf1 Nh6 23. Rad1 Rxf4 24. Rd7 Rb4 25. Red1 g5 26. R1d2 Bc6 27. Rc7 Bxa4 28. Rxc5 Nf5 29. Ra5 Bc6 30. Rxa6 Rxa6 31. Bxa6 Nh4 32. Bd3 Bxg2 33. Rxg2 Nxg2 34. Kxg2 Rxb2+ 35. Ne2 Rd2 36. Bc4 Rc2 37. Bd3 Rc5 38. Kf3 Rxe5 39. Nd4 Kg7 40. Be2 f5 41. Bd1 Kf6 42. Bc2 h5 43. Ne2 Ra5 44. h4 Ra3+ 45. Kg2 g4 46. Bd1 Rh3 47. Nf4 Rxh4 48. Bc2 e5 49. Ne2 Rh3 50. Ng3 e4 51. Ne2 Ra3 52. Bd1 Kg5 53. Kf2 h4 54. Kg2 h3+ 55. Kh2 f4 56. Ng1 Ra2+ 57. Kh1 Kh4 58. Be2 h2 59. Kxh2 f3 60. Kh1 fxe2 0-1

[Event "Teplice op 17th"]
[Site "Teplice"]
[Date "2024.06.17"]
[Round "3"]
[White "Johansson, Linus"]
[Black "Pranav, KP."]
[Result "1-0"]
[WhiteElo "2451"]
[BlackElo "2223"]
[PlyCount "167"]
[EventDate "2024.06.15"]
[EventType "swiss"]
[EventRounds "9"]
[EventCountry "CZE"]
[SourceTitle "CBM 220 Extra"]
[Source "ChessBase"]
[SourceDate "2024.07.31"]
[SourceVersion "1"]
[SourceVersionDate "2024.07.31"]
[SourceQuality "1"]

1. d4 Nf6 2. c4 e6 3. Nc3 Bb4 4. e3 0-0 5. Bd3 c5 6. Nge2 Nc6 7. 0-0 cxd4 8. exd4 d5 9. cxd5 Nxd5 10. Be4 Nce7 11. Bg5 Qa5 12. Bd2 Bd7 13. a3 Bxc3 14. bxc3 Qa6 15. Re1 Rac8 16. Qb1 Bb5 17. Ng3 f5 18. a4 Bc4 19. Bc2 Rc6 20. Ra3 Rfc8 21. h4 Rb6 22. Qa1 Bd3 23. a5 Rbc6 24. Ba4 Bb5 25. Bd1 Ng6 26. h5 Ngf4 27. Bf3 R6c7 28. Bxf4 Nxf4 29. d5 exd5 30. Nxf5 Qf6 31. Nd4 Be8 32. Qd1 Bf7 33. Re3 Qg5 34. Qe1 Bxh5 35. Re5 Qg6 36. Bxd5+ Kh8 37. Qe3 Nxd5 38. Rxd5 Re8 39. Re5 Rcc8 40. Rb3 Rxe5 41. Qxe5 Re8 42. Qf4 Bd1 43. Rb5 h6 44. Re5 Ba4 45. f3 Rxe5 46. Qxe5 Bc6 47. Kf2 a6 48. Qe7 Kg8 49. Qe5 Qf7 50. Ke3 Bd5 51. Nf5 Bc6 52. Ne7+ Kh8 53. Qd6 Qb3 54. Qe5 Qf7 55. Kd4 Qe8 56. Kc5 Kh7 57. Qf5+ g6 58. Qe5 h5 59. Kb6 Kh6 60. Qd6 Bb5 61. f4 Bd3 62. Ka7 Be4 63. Qe6 Bc6 64. Nf5+ Kh7 65. Qxe8 Bxe8 66. Nd6 Bc6 67. g3 g5 68. fxg5 Kg6 69. Nxb7 Bb5 70. Nd6 Be2 71. c4 Kxg5 72. c5 Bf3 73. Nc4 Bc6 74. Ne3 Kf6 75. Kxa6 Ke7 76. Kb6 Ba8 77. c6 Kd8 78. Nf5 Bxc6 79. Kxc6 Kc8 80. Kb6 Kb8 81. a6 Ka8 82. Nd6 h4 83. gxh4 Kb8 84. h5 1-0

[Event "Sitges Sunway op 10th"]
[Site "Sitges"]
[Date "2023.12.20"]
[Round "8"]
[White "Pranav, KP."]
[Black "Dolzhikova, Kateryna"]
[Result "1/2-1/2"]
[WhiteElo "1859"]
[BlackElo "2283"]
[PlyCount "104"]
[EventDate "2023.12.12"]
[EventType "swiss"]
[EventRounds "10"]
[EventCountry "ESP"]
[SourceTitle "EXT 2025"]
[Source "ChessBase"]
[SourceDate "2024.10.14"]
[SourceVersion "1"]
[SourceVersionDate "2024.10.14"]
[SourceQuality "1"]

1. d4 Nf6 2. c4 e6 3. Nc3 Bb4 4. e3 b6 5. Bd2 Bb7 6. Nf3 Bxc3 7. Bxc3 Ne4 8. Qc2 d6 9. Bd3 f5 10. 0-0-0 Nd7 11. Ne1 Qh4 12. f3 Nf2 13. g3 Nxd3+ 14. Nxd3 Qe7 15. Qe2 Nf6 16. Rhe1 a5 17. Nf2 0-0 18. e4 fxe4 19. Nxe4 Bxe4 20. fxe4 e5 21. dxe5 dxe5 22. Bd2 Qe6 23. Rf1 b5 24. Bg5 bxc4 25. Bxf6 gxf6 26. Rf3 Ra6 27. Rc3 Rc6 28. g4 Rc5 29. Rg1 Kh8 30. Rf1 Rd8 31. Qe3 Rc6 32. g5 Rd3 33. Qf2 Qh3 34. Rc2 c3 35. gxf6 cxb2+ 36. Kb1 Rxc2 37. Kxc2 Rd8 38. Qg3 Qh6 39. f7 Qc6+ 40. Qc3 b1Q+ 41. Rxb1 Qxe4+ 42. Kb2 Qf4 43. Re1 Qxf7 44. Qxe5+ Qg7 45. Qxg7+ Kxg7 46. Re7+ Kg6 47. Rxc7 Rd2+ 48. Rc2 Rd5 49. Kb3 Kg5 50. Rc4 h5 51. h4+ Kf5 52. Ka4 Ke5 1/2-1/2

[Event "Sitges Sunway op 10th"]
[Site "Sitges"]
[Date "2023.12.15"]
[Round "4"]
[White "Pranav, KP."]
[Black "Srija, Seshadri"]
[Result "0-1"]
[WhiteElo "1859"]
[BlackElo "2272"]
[PlyCount "148"]
[EventDate "2023.12.12"]
[EventType "swiss"]
[EventRounds "10"]
[EventCountry "ESP"]
[SourceTitle "EXT 2025"]
[Source "ChessBase"]
[SourceDate "2024.10.14"]
[SourceVersion "1"]
[SourceVersionDate "2024.10.14"]
[SourceQuality "1"]

1. d4 d5 2. c4 e6 3. Nc3 c6 4. Nf3 dxc4 5. a4 Bb4 6. Bd2 a5 7. e3 b5 8. axb5 Bxc3 9. Bxc3 cxb5 10. b3 Bb7 11. bxc4 b4 12. Bb2 Nf6 13. Bd3 0-0 14. 0-0 Be4 15. Bxe4 Nxe4 16. d5 exd5 17. cxd5 Nd7 18. Nd4 Qg5 19. Nc6 Rfe8 20. f4 Qf5 21. Nxa5 Ndf6 22. Nc6 Rxa1 23. Bxa1 Nxd5 24. Qd4 Nef6 25. Nxb4 Nxe3 26. Re1 Neg4 27. Rxe8+ Nxe8 28. Nd3 Qb5 29. Bb2 Qb3 30. Nf2 Qe6 31. Bc3 h5 32. Nxg4 hxg4 33. Kf2 Kh7 34. Qd3+ f5 35. Be5 Kg6 36. Qd8 Kf7 37. Kg3 Nf6 38. Qc7+ Kg6 39. Kf2 Qa2+ 40. Kf1 Qb1+ 41. Ke2 Qe4+ 42. Kf1 Qd3+ 43. Ke1 Qe3+ 44. Kd1 Qg1+ 45. Kc2 Qxg2+ 46. Kb3 Qxh2 47. Bxf6 gxf6 48. Qb8 Qh7 49. Kc2 Qf7 50. Kd3 Qe6 51. Kd2 g3 52. Qa8 Kh5 53. Qh1+ Kg4 54. Qh6 Qf7 55. Ke1 g2 56. Kf2 Qa2+ 57. Kg1 Qb1+ 58. Kxg2 Qe4+ 59. Kg1 Qe3+ 60. Kg2 Qg3+ 61. Kf1 Qxf4+ 62. Qxf4+ Kxf4 63. Kf2 Ke4 64. Ke2 f4 65. Kf2 f3 66. Kf1 Ke3 67. Ke1 f2+ 68. Kf1 f5 69. Kg2 Ke2 70. Kg3 f1Q 71. Kh2 Qf4+ 72. Kh3 Qg4+ 73. Kh2 Kf2 74. Kh1 Qh3# 0-1